Ruca toma conta da irmã (Registo nº 4198)
[ vista simples ]
| 000 -Etiqueta do registo | |
|---|---|
| Cabeçalho | 00801nam a2200289 4500 |
| 005 - Identificador da versão | |
| Campo de controlo | 20240813122055.0 |
| 010 ## - Número internacional normalizado dos livros (ISBN) | |
| Número (ISBN) | 9724144666 |
| 021 ## - Número do Depósito Legal | |
| Código do país | PT |
| Número | 245343/06 |
| 100 ## - Dados gerais de processamento | |
| Dados gerais de processamento | 20080324d2006 b y0pory5003 ba |
| 102 ## - Pais de publicação ou produção | |
| País de publicação | Portugal |
| 101 1# - Língua de publicação | |
| Língua do texto, banda sonora, etc. | Português |
| Língua do documento no original | Francês |
| 106 ## - Campo de dados codificados: material textual | |
| Dados codificados do material textual | r |
| 105 ## - Campo de dados codificados: livros | |
| Dados codificados dos livros | a z 000yy |
| 215 ## - Descrição física | |
| Indicação específica da natureza do documento e extensão da espécie | [22] p. |
| Outras indicações físicas | il. |
| Dimensões | 24 cm |
| Material acompanhante | [1] f. desdobr. |
| 200 1# - Titulo e menção de responsabilidade | |
| Título próprio | Ruca toma conta da irmã |
| Primeira menção de responsabilidade | adapt. Marion Johnson |
| Outras menções de responsabilidade | trad. Sara Costa |
| 225 1# - Colecção | |
| Título próprio da colecção | Ruca. |
| Nome de uma parte ou secção | Livros com surpresa |
| 205 ## - Menção da edição | |
| Menção da edição | 3a ed |
| 210 ## - Publicação, Distribuição, etc. | |
| Lugar da edição, distribuição, etc. | Porto |
| Nome do editor, distribuidor, etc. | Asa |
| Data da publicação, distribuição, etc. | 2006 |
| 304 ## - Notas relativas a título e menção de responsabilidade | |
| Texto da nota | Tít. orig.: Caillou s'occupe de sa petite soeur |
| 675 ## - Classificação Decimal Universal (CDU) | |
| Notação | 087.5 |
| Edição | BN |
| Língua da edição | por |
| 702 #1 - Nome de autor-pessoa física (responsabilidade secundária) | |
| Número de registo de entrada de autoridade | 0000855 |
| Palavra de ordem | Costa |
| Outra parte do nome não tomada para palavra de ordem | Sara |
| Datas | 1987- |
| Código de função | Tradutor |
| Número de registo de entrada de autoridade | 0000856 |
| Palavra de ordem | Johnson |
| Outra parte do nome não tomada para palavra de ordem | Marion |
| Código de função | Adaptador |
| 942 ## - Elementos de entrada adicionados (Koha) | |
| Tipo de item no Koha | Livro |
| Situação do levantamento | Origin of item (home branch) (coded) | Biblioteca de empréstimo | Código de barras | Cota | Circulation type (not for loan) | Tipo de documento | Nota do exemplar | Damaged status |
|---|---|---|---|---|---|---|---|---|
| Biblioteca Escolar das Vendas | Biblioteca Escolar das Vendas | BEV1516 | 8EST RUC | Livro | Sem mensagem |
